Geometričeskije parametry režuščej kromki instrumentov i sečenije sreza /

Saved in:
Bibliographic Details
Main Author: Ševčenko, N.A (Author)
Format: Book
Language:Russian
Published: Moskva : Mašgiz, 1957
Tags: Add Tag
No Tags, Be the first to tag this record!

MARC

LEADER 00000nam a22000003a 4500
001 stu42897
005 20150617225720.4
008 940525s1957----xxr-----------------rus-d
040 |a STU  |b slo 
041 0 |a rus 
044 |a xxr 
100 1 |a Ševčenko, N.A  |4 aut 
245 1 |a Geometričeskije parametry režuščej kromki instrumentov i sečenije sreza /  |c [aut.]N.A. Ševčenko 
260 |a Moskva :  |b Mašgiz,  |c 1957 
300 |a 137 s 
996 |b 284M020027  |c M*3670-1  |l MMKN  |s A  |a 24  |w stu42897_0001